The National Library Concept and Library Development in Ghana (Record no. 25)

MARC details
000 -LEADER
fixed length control field 00457nam a2200169Ia 4500
008 - FIXED-LENGTH DATA ELEMENTS--GENERAL INFORMATION
fixed length control field 240428s9999||||xx |||||||||||||| ||und||
020 ## - INTERNATIONAL STANDARD BOOK NUMBER
International Standard Book Number 9789988278564
041 ## - LANGUAGE CODE
Language code of text/sound track or separate title eng
082 ## - DEWEY DECIMAL CLASSIFICATION NUMBER
Classification number 027.5K
100 ## - MAIN ENTRY--PERSONAL NAME
Personal name Kedem, Kosi
245 #4 - TITLE STATEMENT
Title The National Library Concept and Library Development in Ghana
260 ## - PUBLICATION, DISTRIBUTION, ETC.
Name of publisher, distributor, etc. Woeli Pub.
Date of publication, distribution, etc. 2019
300 ## - PHYSICAL DESCRIPTION
Extent xiii,152p.:
650 ## - SUBJECT ADDED ENTRY--TOPICAL TERM
Topical term or geographic name entry element National Library Concept- Ghana - Library Development- Ghana
942 ## - ADDED ENTRY ELEMENTS (KOHA)
Koha item type Inaugural Lecture
Holdings
Withdrawn status Lost status Damaged status Not for loan Home library Current library Shelving location Date acquired Total checkouts Full call number Date last seen Copy number Price effective from Koha item type
        Main Library Main Library Open Shelves 22/07/2021   027.5K 1228 C1 29/04/2024 1 29/04/2024 Inaugural Lecture
©2026  Parliament of Ghana Library - All rights reserved